[Event "Chess House Summer IM 2019"]
[Site "Aarhus"]
[Date "2019.07.03"]
[Round "5.4"]
[White "Brondt, Nicolai Kvist"]
[Black "Heimisson, Hilmir Freyr"]
[Result "1/2-1/2"]
[WhiteElo "2325"]
[BlackElo "2279"]
[PlyCount "82"]
[EventDate "2019.06.??"]
[EventType "tourn"]
[EventRounds "9"]
[EventCountry "DEN"]

1. d4 Nf6 2. Nf3 e6 3. c4 c5 4. e3 cxd4 5. exd4 Bb4+ 6. Nc3 d5 7. cxd5 Nxd5 8.
Qc2 Nd7 9. Bd3 N7f6 10. O-O O-O 11. Ne5 h6 12. Rd1 Qe7 13. a3 Bd6 14. Qe2 b6
15. Nxd5 Nxd5 16. Qe4 f5 17. Qe2 Bxe5 18. Qxe5 Qf6 19. Qg3 Bb7 20. Bf4 Nxf4 21.
Qxf4 Rac8 22. Rac1 Qg5 23. Qxg5 hxg5 24. f3 Rfd8 25. Rxc8 Rxc8 26. Kf2 Kf7 27.
Rd2 Ke7 28. Rc2 Rxc2+ 29. Bxc2 Bd5 30. g3 f4 31. Be4 Kd6 32. Ke2 Bc4+ 33. Kd2
Bf1 34. g4 Bb5 35. Kc3 Be8 36. Kb4 Bd7 37. Kc3 Bc8 38. Ba8 e5 39. Be4 Ba6 40.
Ba8 Bc8 41. Be4 Ba6 1/2-1/2

[Event "Chess House Summer IM 2019"]
[Site "Aarhus"]
[Date "2019.07.03"]
[Round "5.5"]
[White "Odnorozhenko, Evgenyi"]
[Black "Easwaralingam, Adesh"]
[Result "1/2-1/2"]
[WhiteElo "2247"]
[BlackElo "2087"]
[PlyCount "41"]
[EventDate "2019.06.??"]
[EventType "tourn"]
[EventRounds "9"]
[EventCountry "DEN"]

1. d4 Nf6 2. Nf3 e6 3. e3 d5 4. Bd3 c5 5. b3 Nc6 6. O-O Be7 7. Bb2 O-O 8. Nbd2
b6 9. a3 Qc7 10. Ne5 Bb7 11. Qf3 c4 12. bxc4 dxc4 13. Nexc4 Nxd4 14. Qh3 b5 15.
Bxd4 bxc4 16. Nxc4 h6 17. Be5 Qc5 18. Bd4 Qc7 19. Be5 Qc5 20. Bd4 Qc7 21. Be5
1/2-1/2

[Event "Chess House Summer IM 2019"]
[Site "Aarhus"]
[Date "2019.07.04"]
[Round "6.1"]
[White "Heimisson, Hilmir Freyr"]
[Black "Carlstedt, Jonathan"]
[Result "0-1"]
[WhiteElo "2279"]
[BlackElo "2408"]
[PlyCount "82"]
[EventDate "2019.06.??"]
[EventType "tourn"]
[EventRounds "9"]
[EventCountry "DEN"]

1. d4 g6 2. e4 Bg7 3. Nc3 d6 4. f4 a6 5. Nf3 b5 6. Bd3 Bb7 7. O-O Nd7 8. e5 e6
9. a4 bxa4 10. Ng5 Nh6 11. d5 Nc5 12. dxe6 Nxe6 13. Be4 Bxe4 14. Ncxe4 O-O 15.
Nxe6 fxe6 16. exd6 Nf5 17. Ng5 Bd4+ 18. Kh1 Qxd6 19. c3 Bb6 20. Qxd6 cxd6 21.
Re1 Rfe8 22. Rxa4 d5 23. Rb4 Bd8 24. Nf3 Nd6 25. g3 a5 26. Ra4 Bf6 27. Be3 Nc4
28. Bd4 Nxb2 29. Ra2 Bxd4 30. Nxd4 Nc4 31. Rxe6 Kf7 32. Rxe8 Kxe8 33. Kg2 Kd7
34. g4 a4 35. Kf3 a3 36. Nc2 Rb8 37. Ne3 Rb2 38. Ra1 Nd2+ 39. Kg3 a2 40. Nxd5
Nb3 41. Rxa2 Rxa2 0-1

[Event "Chess House Summer IM 2019"]
[Site "Aarhus"]
[Date "2019.07.04"]
[Round "6.2"]
[White "Svane, Frederik"]
[Black "Berg, Klaus"]
[Result "1-0"]
[WhiteElo "2342"]
[BlackElo "2295"]
[PlyCount "81"]
[EventDate "2019.06.??"]
[EventType "tourn"]
[EventRounds "9"]
[EventCountry "DEN"]

1. e4 e6 2. d4 d5 3. Nd2 c5 4. exd5 Qxd5 5. Ngf3 cxd4 6. Bc4 Qd6 7. O-O Nf6 8.
Nb3 Nc6 9. Nbxd4 Nxd4 10. Nxd4 a6 11. Re1 Qc7 12. Bd3 b6 13. Bg5 Bb7 14. Qe2
Be7 15. Rad1 O-O 16. c3 h6 17. Bh4 Rfe8 18. Bc2 Bd5 19. Qd3 Bc4 20. Qf3 Bd5 21.
Qd3 Bc4 22. Qh3 Qf4 23. Nc6 Qc7 24. Nxe7+ Qxe7 25. b3 Bb5 26. c4 Bc6 27. Qe3 b5
28. Rd2 bxc4 29. bxc4 Red8 30. Red1 Rxd2 31. Qxd2 Rc8 32. h3 Be8 33. Qd3 g5 34.
Bg3 Qc5 35. Bb3 Bc6 36. Bd6 Qb6 37. Be5 Nd7 38. Bd4 Qb4 39. Bc2 Nf8 40. Qe2 Qd6
41. Bf6 1-0

[Event "Chess House Summer IM 2019"]
[Site "Aarhus"]
[Date "2019.07.04"]
[Round "6.3"]
[White "Ramsdal, Jens Albert"]
[Black "Matthiesen, Martin"]
[Result "1-0"]
[WhiteElo "2257"]
[BlackElo "2239"]
[PlyCount "89"]
[EventDate "2019.06.??"]
[EventType "tourn"]
[EventRounds "9"]
[EventCountry "DEN"]

1. Nc3 d5 2. e4 dxe4 3. Nxe4 Nd7 4. d4 Ngf6 5. Bd3 Nxe4 6. Bxe4 g6 7. Bf4 Bg7
8. c3 O-O 9. Nf3 c5 10. Bg3 cxd4 11. Nxd4 Nc5 12. Bc2 Qb6 13. Qe2 Bxd4 14. cxd4
Ne6 15. O-O-O Nxd4 16. Rxd4 Qxd4 17. Qxe7 Be6 18. Rd1 Qc4 19. Be5 Rac8 20. Bc3
Qf4+ 21. Rd2 Rc7 22. Qa3 Qxh2 23. g3 Qg1+ 24. Bd1 b6 25. Qd6 Rxc3+ 26. bxc3 Rc8
27. Kb2 Qf1 28. Be2 Qg2 29. Ba6 Rf8 30. Re2 Qf3 31. Qe7 Qc6 32. Qb4 Qd5 33. Qb3
Rd8 34. Qxd5 Rxd5 35. Bc4 Rd6 36. Kb3 g5 37. Bxe6 Rxe6 38. Rxe6 fxe6 39. g4 a6
40. Kb4 Kf7 41. c4 Ke7 42. c5 b5 43. Ka5 Kd7 44. Kb6 Kc8 45. Kxa6 1-0

[Event "Chess House Summer IM 2019"]
[Site "Aarhus"]
[Date "2019.07.04"]
[Round "6.4"]
[White "Koellner, Ruben Gideon"]
[Black "Odnorozhenko, Evgenyi"]
[Result "1/2-1/2"]
[WhiteElo "2299"]
[BlackElo "2247"]
[PlyCount "60"]
[EventDate "2019.06.??"]
[EventType "tourn"]
[EventRounds "9"]
[EventCountry "DEN"]

1. d4 e6 2. Nf3 Nf6 3. Nbd2 d5 4. e3 Be7 5. Bd3 O-O 6. Ne5 c5 7. b3 b6 8. Bb2
Bb7 9. Qf3 Nc6 10. a3 Qc7 11. Qg3 cxd4 12. Nxc6 Qxc6 13. Bxd4 Bd6 14. f4 Ne8
15. Qh4 f5 16. Nf3 Nf6 17. Ng5 Qd7 18. O-O h6 19. Rf3 Bc5 20. Nh3 Ne4 21. Re1
Qd8 22. Qxd8 Rfxd8 23. Bb2 Rac8 24. Re2 Be7 25. Rf1 Nc5 26. Nf2 Nxd3 27. Nxd3
Ba6 28. Rd1 Bxd3 29. cxd3 Rc6 30. Kf2 Kf7 1/2-1/2

[Event "Chess House Summer IM 2019"]
[Site "Aarhus"]
[Date "2019.07.04"]
[Round "6.5"]
[White "Easwaralingam, Adesh"]
[Black "Brondt, Nicolai Kvist"]
[Result "1/2-1/2"]
[WhiteElo "2087"]
[BlackElo "2325"]
[PlyCount "64"]
[EventDate "2019.06.??"]
[EventType "tourn"]
[EventRounds "9"]
[EventCountry "DEN"]

1. e4 c5 2. Nf3 e6 3. d4 cxd4 4. Nxd4 Nc6 5. Nc3 Qc7 6. Be3 a6 7. Qf3 Bd6 8.
O-O-O Be5 9. Qe2 Nge7 10. g3 O-O 11. f4 Bxd4 12. Bxd4 Nxd4 13. Rxd4 e5 14. fxe5
Nc6 15. Rd2 Nxe5 16. Nd5 Qa5 17. a3 d6 18. Qe3 Be6 19. Be2 Bxd5 20. Rxd5 Qc7
21. Rhd1 Rad8 22. Qd4 Nc6 23. Qd3 Qe7 24. Kb1 Rfe8 25. Rxd6 Rxd6 26. Qxd6 Qxe4
27. Bd3 Qe5 28. Qd7 Rd8 29. Qh3 g6 30. Qg2 Qc7 31. Re1 Ne5 32. Be4 b5 1/2-1/2

[Event "Chess House Summer IM 2019"]
[Site "Aarhus"]
[Date "2019.07.04"]
[Round "7.1"]
[White "Carlstedt, Jonathan"]
[Black "Easwaralingam, Adesh"]
[Result "1/2-1/2"]
[WhiteElo "2408"]
[BlackElo "2087"]
[PlyCount "60"]
[EventDate "2019.06.??"]
[EventType "tourn"]
[EventRounds "9"]
[EventCountry "DEN"]

1. d4 Nf6 2. Nf3 d5 3. g3 e6 4. Bg2 Be7 5. O-O O-O 6. c4 dxc4 7. Qc2 a6 8. Qxc4
b5 9. Qc2 Bb7 10. Bf4 Nc6 11. Nc3 Nb4 12. Qc1 Rc8 13. Rd1 Nbd5 14. Nxd5 Bxd5
15. Ne5 Bxg2 16. Kxg2 Qd5+ 17. f3 c5 18. dxc5 Qxc5 19. Qxc5 Bxc5 20. Rac1 Nd5
21. Rd3 Bd6 22. Rxc8 Rxc8 23. e4 Bxe5 24. Bxe5 Nb4 25. Rc3 Rxc3 26. Bxc3 Nc6
27. Kf2 e5 28. f4 f6 29. h4 Kf7 30. Kf3 h5 1/2-1/2

[Event "Chess House Summer IM 2019"]
[Site "Aarhus"]
[Date "2019.07.04"]
[Round "7.2"]
[White "Matthiesen, Martin"]
[Black "Svane, Frederik"]
[Result "1-0"]
[WhiteElo "2239"]
[BlackElo "2342"]
[PlyCount "83"]
[EventDate "2019.06.??"]
[EventType "tourn"]
[EventRounds "9"]
[EventCountry "DEN"]

1. d4 Nf6 2. c4 e6 3. Nf3 d5 4. Nc3 dxc4 5. e4 Bb4 6. Bxc4 Nxe4 7. O-O Nxc3 8.
bxc3 Be7 9. Ne5 O-O 10. Qg4 Nc6 11. Bf4 Kh8 12. Qh3 Bg5 13. Bd3 h6 14. Bxg5
Qxg5 15. f4 Qd8 16. Rae1 Kg8 17. Re3 f5 18. Nxc6 bxc6 19. Re5 Rb8 20. Bc4 Kh7
21. Qe3 Qd6 22. h3 Rf6 23. Ra5 c5 24. Rxc5 Rb2 25. Qe5 Rg6 26. Rf2 Rb1+ 27. Bf1
Qa6 28. Qe3 Bb7 29. c4 Qa4 30. Qd2 Qa3 31. Rxc7 Qxh3 32. d5 exd5 33. Qc2 Rb4
34. a3 Rb3 35. c5 Rc3 36. Qb2 Rb3 37. Qc2 Rxa3 38. Rxb7 Qh4 39. Rb3 Ra1 40.
Qxf5 d4 41. Rb1 Ra3 42. Bd3 1-0

[Event "Chess House Summer IM 2019"]
[Site "Aarhus"]
[Date "2019.07.04"]
[Round "7.3"]
[White "Brondt, Nicolai Kvist"]
[Black "Koellner, Ruben Gideon"]
[Result "0-1"]
[WhiteElo "2325"]
[BlackElo "2299"]
[PlyCount "146"]
[EventDate "2019.06.??"]
[EventType "tourn"]
[EventRounds "9"]
[EventCountry "DEN"]

1. Nf3 Nf6 2. d4 d5 3. c4 e6 4. g3 Bb4+ 5. Nbd2 O-O 6. Bg2 b6 7. O-O Bb7 8. Ne5
Nbd7 9. Qa4 Bd6 10. Nxd7 Qxd7 11. Qxd7 Nxd7 12. cxd5 exd5 13. Nc4 Be7 14. Bf4
Bf6 15. Rfd1 Rfe8 16. Bf3 g6 17. Bxc7 Rec8 18. Nd6 Rxc7 19. Nxb7 Be7 20. Bxd5
Nf6 21. Bf3 Rb8 22. Rac1 Rd7 23. d5 Rdxb7 24. d6 Bd8 25. Bxb7 Rxb7 26. Rd4 Rd7
27. e4 Ng4 28. f4 b5 29. Kg2 Bb6 30. Rd3 Nf2 31. Rd5 Nxe4 32. Rc6 b4 33. Kf3 f5
34. h3 h5 35. Rb5 Kf7 36. g4 hxg4+ 37. hxg4 Nxd6 38. Rd5 Ke7 39. g5 Bc7 40.
Re5+ Kf7 41. Rd5 Ke7 42. a3 bxa3 43. bxa3 Kd8 44. Re5 Ne4 45. Ree6 Rd3+ 46. Ke2
Rxa3 47. Rxg6 Bxf4 48. Ra6 Re3+ 49. Kf1 Rf3+ 50. Ke1 Re3+ 51. Kd1 Rd3+ 52. Kc2
Rd2+ 53. Kb1 Nc3+ 54. Ka1 Be5 55. Rge6 Bd4 56. Rec6 Ne2+ 57. Kb1 Rb2+ 58. Ka1
Rb5+ 59. Ka2 Nc3+ 60. Ka3 Bc5+ 61. Rxc5 Rxc5 62. g6 Ke8 63. Kb3 Kf8 64. Rxa7
Ne4 65. Kb4 Kg8 66. Rf7 Re5 67. Kb3 Nd6 68. Rf6 Rd5 69. Re6 Kg7 70. Kc3 f4 71.
Kc2 f3 72. Re3 f2 73. Rf3 Rf5 0-1

[Event "Chess House Summer IM 2019"]
[Site "Aarhus"]
[Date "2019.07.04"]
[Round "7.4"]
[White "Odnorozhenko, Evgenyi"]
[Black "Ramsdal, Jens Albert"]
[Result "0-1"]
[WhiteElo "2247"]
[BlackElo "2257"]
[PlyCount "56"]
[EventDate "2019.06.??"]
[EventType "tourn"]
[EventRounds "9"]
[EventCountry "DEN"]

1. e4 c5 2. Nf3 Nc6 3. Bb5 g6 4. Bxc6 dxc6 5. d3 Bg7 6. h3 b6 7. Nc3 Nf6 8. Be3
Nd7 9. Qd2 h6 10. O-O Nf8 11. Nh2 g5 12. f4 gxf4 13. Bxf4 Ng6 14. Bg3 Be6 15.
Ng4 Bxg4 16. hxg4 Bd4+ 17. Bf2 Ne5 18. Qf4 Rg8 19. Ne2 Rxg4 20. Qxh6 Nf3+ 21.
Kh1 Rg6 22. Qh5 Qd6 23. Qxf3 Rh6+ 24. Qh3 Rxh3+ 25. gxh3 Bxb2 26. Rab1 Be5 27.
Be3 Qe6 28. Rf3 Qxa2 0-1

[Event "Chess House Summer IM 2019"]
[Site "Aarhus"]
[Date "2019.07.04"]
[Round "7.5"]
[White "Berg, Klaus"]
[Black "Heimisson, Hilmir Freyr"]
[Result "1/2-1/2"]
[WhiteElo "2295"]
[BlackElo "2279"]
[PlyCount "66"]
[EventDate "2019.06.??"]
[EventType "tourn"]
[EventRounds "9"]
[EventCountry "DEN"]

1. g3 c5 2. c4 Nc6 3. Bg2 g6 4. e3 Bg7 5. Ne2 e6 6. Nbc3 Nge7 7. O-O O-O 8. d4
cxd4 9. Nxd4 Nxd4 10. exd4 d5 11. cxd5 Nxd5 12. Nxd5 exd5 13. Qb3 Qb6 14. Be3
Be6 15. Rfc1 Bxd4 16. Bxd4 Qxd4 17. Rd1 Qb6 18. Bxd5 Bxd5 19. Rxd5 Qxb3 20.
axb3 f6 21. Rda5 a6 22. b4 Rac8 23. b5 axb5 24. Rxb5 Rf7 25. Ra7 Rcc7 26. Ra8+
Kg7 27. Rb8 f5 28. Rb6 Rfe7 29. h4 Kh6 30. Rb4 Rc1+ 31. Kg2 Rc2 32. R8xb7 Ree2
33. Rf4 Rxb2 1/2-1/2

[Event "Chess House Summer IM 2019"]
[Site "Aarhus"]
[Date "2019.07.05"]
[Round "8.1"]
[White "Koellner, Ruben Gideon"]
[Black "Carlstedt, Jonathan"]
[Result "0-1"]
[WhiteElo "2299"]
[BlackElo "2408"]
[PlyCount "128"]
[EventDate "2019.06.??"]
[EventType "tourn"]
[EventRounds "9"]
[EventCountry "DEN"]

1. d4 Nf6 2. Bg5 d5 3. e3 c5 4. Bxf6 gxf6 5. dxc5 Nc6 6. a3 e6 7. c4 dxc4 8.
Nd2 c3 9. bxc3 Bxc5 10. Qb3 Qb6 11. Qc2 Qc7 12. Ngf3 b6 13. Be2 Bb7 14. O-O Rg8
15. a4 O-O-O 16. Nc4 Rg4 17. Rfd1 Rdg8 18. g3 Kb8 19. Rd2 Ne7 20. Nd4 R4g5 21.
Rad1 Nf5 22. Nxf5 Qc6 23. e4 Rxf5 24. Bd3 Rfg5 25. Kg2 Qc7 26. Be2 Bc6 27. Bf3
f5 28. Nd6 f4 29. Rd3 fxg3 30. hxg3 Bxd6 31. Rxd6 Bd5 32. e5 Rxe5 33. Bxd5 Qxd6
34. Bf3 Qc7 35. Qxh7 Rc8 36. Rd4 Rf5 37. c4 Qe7 38. g4 Qf6 39. Qh2+ Rc7 40. Rd7
Rf4 41. Rd8+ Qxd8 42. Qxf4 Qd3 43. Qe5 Kc8 44. Qh8+ Kd7 45. Qf8 Qg6 46. Qb8 Qf6
47. a5 Qd8 48. Qxd8+ Kxd8 49. axb6 axb6 50. Be2 Rd7 51. f4 Kc7 52. Kf3 Kc6 53.
Ke4 Kc5 54. Ke5 Rd2 55. Bf1 Rd1 56. Bh3 Kxc4 57. Kf6 Rh1 58. Bg2 Rg1 59. Bf3
Kd4 60. f5 Ke3 61. fxe6 fxe6 62. Bc6 Rxg4 63. Kxe6 Kd4 64. Kd6 Rg6+ 0-1

[Event "Chess House Summer IM 2019"]
[Site "Aarhus"]
[Date "2019.07.05"]
[Round "8.2"]
[White "Ramsdal, Jens Albert"]
[Black "Svane, Frederik"]
[Result "0-1"]
[WhiteElo "2257"]
[BlackElo "2342"]
[PlyCount "80"]
[EventDate "2019.06.??"]
[EventType "tourn"]
[EventRounds "9"]
[EventCountry "DEN"]

1. e4 c5 2. Nf3 d6 3. Bb5+ Nd7 4. O-O a6 5. Bd3 Ngf6 6. c3 b5 7. Bc2 Bb7 8. Re1
c4 9. b4 Ne5 10. d4 cxd3 11. Bxd3 Nxd3 12. Qxd3 g6 13. Nbd2 Bg7 14. Bb2 O-O 15.
Nb3 Rc8 16. a4 bxa4 17. Na5 Ba8 18. Nd2 Qb6 19. Rxa4 d5 20. e5 Ne4 21. Nxe4
dxe4 22. Qd4 Qb5 23. Ra3 Bxe5 24. Qe3 Qb8 25. g3 Rfd8 26. Qe2 Rd3 27. c4 Bxb2
28. Qxb2 Rcd8 29. Rxd3 exd3 30. Qd2 Qd6 31. h3 Qf6 32. f4 Qd4+ 33. Kh2 e6 34.
g4 g5 35. Kg3 gxf4+ 36. Qxf4 d2 37. Rd1 Qc3+ 38. Kh4 Rd3 39. Qg5+ Kf8 40. Qh6+
Ke8 0-1

[Event "Chess House Summer IM 2019"]
[Site "Aarhus"]
[Date "2019.07.05"]
[Round "8.3"]
[White "Heimisson, Hilmir Freyr"]
[Black "Matthiesen, Martin"]
[Result "1-0"]
[WhiteElo "2279"]
[BlackElo "2239"]
[PlyCount "83"]
[EventDate "2019.06.??"]
[EventType "tourn"]
[EventRounds "9"]
[EventCountry "DEN"]

1. c4 e6 2. Nc3 d5 3. e3 c5 4. d4 Nf6 5. Nf3 Nc6 6. a3 a6 7. dxc5 Bxc5 8. b4
Bd6 9. cxd5 exd5 10. Be2 O-O 11. O-O Re8 12. Bb2 Bg4 13. Rc1 Rc8 14. h3 Be6 15.
Qa4 Ne5 16. Nxe5 Bxe5 17. Rfd1 Qe7 18. b5 Ne4 19. Nxe4 Bxb2 20. Rxc8 Rxc8 21.
Ng3 axb5 22. Qxb5 Bxa3 23. Rb1 Rc7 24. Bf3 Bc5 25. Rd1 Rd7 26. Ne2 g6 27. Nf4
Rd8 28. Bxd5 Bc8 29. Bxf7+ Kxf7 30. Rxd8 Qxd8 31. Qxc5 g5 32. Nd5 Be6 33. Nc3
h6 34. Ne4 Qd1+ 35. Kh2 Qd5 36. Qc7+ Kg6 37. Nc3 Qd7 38. Qe5 Qc6 39. f4 Bc8 40.
Qh8 Be6 41. Qe5 Bd7 42. Nd5 1-0

[Event "Chess House Summer IM 2019"]
[Site "Aarhus"]
[Date "2019.07.05"]
[Round "8.4"]
[White "Odnorozhenko, Evgenyi"]
[Black "Brondt, Nicolai Kvist"]
[Result "0-1"]
[WhiteElo "2247"]
[BlackElo "2325"]
[PlyCount "84"]
[EventDate "2019.06.??"]
[EventType "tourn"]
[EventRounds "9"]
[EventCountry "DEN"]

1. d4 Nf6 2. c4 c6 3. Nc3 d5 4. cxd5 cxd5 5. Bf4 Qb6 6. e3 Bg4 7. Qb3 Qxb3 8.
axb3 Nc6 9. Nf3 Bxf3 10. gxf3 e6 11. Bd3 Be7 12. Ke2 O-O 13. h3 a6 14. Rhc1
Rac8 15. Na4 Nd7 16. Bc2 Na7 17. Bd3 Rxc1 18. Rxc1 Rc8 19. Rc7 Rxc7 20. Bxc7
Nc6 21. Nc3 Kf8 22. Bb1 g6 23. Na2 Ke8 24. Nc1 Bd8 25. Bd6 Be7 26. Bc7 Nf6 27.
Nd3 Kd7 28. Bg3 Ne8 29. Bc2 Bd6 30. Ne5+ Nxe5 31. dxe5 Bc5 32. f4 Ng7 33. f3
Nf5 34. Bf2 d4 35. Bxf5 dxe3 36. Bxe3 Bxe3 37. Bxg6 fxg6 38. Kxe3 Kc6 39. Kd4
Kb5 40. Kc3 a5 41. Kd3 Kb4 42. Kc2 h6 0-1

[Event "Chess House Summer IM 2019"]
[Site "Aarhus"]
[Date "2019.07.05"]
[Round "8.5"]
[White "Easwaralingam, Adesh"]
[Black "Berg, Klaus"]
[Result "0-1"]
[WhiteElo "2087"]
[BlackElo "2295"]
[PlyCount "82"]
[EventDate "2019.06.??"]
[EventType "tourn"]
[EventRounds "9"]
[EventCountry "DEN"]

1. e4 c5 2. Nf3 d6 3. d4 cxd4 4. Nxd4 Nf6 5. Nc3 Nc6 6. Nb3 g6 7. Be2 Bg7 8.
Be3 O-O 9. f3 Be6 10. Nd4 Bd7 11. Qd2 Rc8 12. Nxc6 bxc6 13. Bc4 Qa5 14. Ne2
Qxd2+ 15. Bxd2 d5 16. exd5 cxd5 17. Bd3 e5 18. c3 Ne8 19. Be3 Rc7 20. f4 f6 21.
b4 Rf7 22. Bc5 Bf8 23. Bxf8 Kxf8 24. Kd2 Nd6 25. Rhf1 e4 26. Bc2 Nc4+ 27. Kc1
Ne3 28. Rf2 Ng4 29. Rf1 Bb5 30. Bd1 Ne3 31. Rf2 Bxe2 32. Rxe2 Rxc3+ 33. Kb2 d4
34. Bb3 Rb7 35. a3 f5 36. Rd2 Nc4+ 37. Bxc4 Rxc4 38. Kb3 Rbc7 39. b5 d3 40.
Raa2 Rc3+ 41. Kb2 e3 0-1

[Event "Chess House Summer IM 2019"]
[Site "Aarhus"]
[Date "2019.07.06"]
[Round "9.1"]
[White "Carlstedt, Jonathan"]
[Black "Odnorozhenko, Evgenyi"]
[Result "1-0"]
[WhiteElo "2408"]
[BlackElo "2247"]
[PlyCount "47"]
[EventDate "2019.06.??"]
[EventType "tourn"]
[EventRounds "9"]
[EventCountry "DEN"]

1. d4 Nf6 2. Bf4 e6 3. e3 d5 4. Nd2 Bd6 5. Bg3 O-O 6. Bd3 b6 7. Qe2 c5 8. c3
Nc6 9. Ngf3 Bb7 10. Rd1 Re8 11. e4 Be7 12. e5 Nd7 13. a3 f6 14. h4 fxe5 15.
dxe5 Nf8 16. Nf1 Qc7 17. Ng5 c4 18. Bb1 Rad8 19. Ne3 d4 20. cxd4 Rxd4 21. Nxh7
Rxd1+ 22. Nxd1 Nxh7 23. Bxh7+ Kxh7 24. Qh5+ 1-0

[Event "Chess House Summer IM 2019"]
[Site "Aarhus"]
[Date "2019.07.06"]
[Round "9.2"]
[White "Svane, Frederik"]
[Black "Heimisson, Hilmir Freyr"]
[Result "1-0"]
[WhiteElo "2342"]
[BlackElo "2279"]
[PlyCount "93"]
[EventDate "2019.06.??"]
[EventType "tourn"]
[EventRounds "9"]
[EventCountry "DEN"]

1. e4 e6 2. d4 d5 3. Nd2 c5 4. exd5 Qxd5 5. Ngf3 cxd4 6. Bc4 Qd7 7. O-O Nc6 8.
Nb3 Nf6 9. Nbxd4 Nxd4 10. Nxd4 a6 11. Re1 Bc5 12. c3 b5 13. Bb3 Bb7 14. Bg5
Bxd4 15. cxd4 Nd5 16. Qg4 O-O 17. Rad1 Rac8 18. Rd3 f6 19. Bd2 f5 20. Qe2 Rfe8
21. h4 a5 22. Rg3 a4 23. Bxd5 Bxd5 24. Bh6 Re7 25. Qe5 Rf8 26. a3 Qc7 27. Bxg7
Qxe5 28. Bxe5+ Kf7 29. Bd6 Rc8 30. Bxe7 Kxe7 31. Rc3 Rg8 32. f3 Bc4 33. Kf2 Rd8
34. Ke3 h5 35. Rg1 Rg8 36. Rc2 Kd6 37. g4 fxg4 38. fxg4 hxg4 39. Rcg2 Bd5 40.
Rxg4 Rc8 41. Rf4 b4 42. axb4 Rb8 43. h5 Rxb4 44. Rh4 Rb3+ 45. Kf4 Rxb2 46. h6
Rf2+ 47. Ke3 1-0

[Event "Chess House Summer IM 2019"]
[Site "Aarhus"]
[Date "2019.07.06"]
[Round "9.3"]
[White "Brondt, Nicolai Kvist"]
[Black "Ramsdal, Jens Albert"]
[Result "0-1"]
[WhiteElo "2325"]
[BlackElo "2257"]
[PlyCount "82"]
[EventDate "2019.06.??"]
[EventType "tourn"]
[EventRounds "9"]
[EventCountry "DEN"]

1. Nf3 Nf6 2. c4 c5 3. Nc3 Nc6 4. d4 cxd4 5. Nxd4 e6 6. Bg5 Bb4 7. Rc1 Qa5 8.
Bxf6 gxf6 9. a3 Be7 10. Ndb5 a6 11. Nd6+ Kf8 12. g3 Qe5 13. Nxc8 Rxc8 14. Qxd7
Kg7 15. Bg2 Rc7 16. Qd1 Na5 17. O-O Nxc4 18. Qc2 Rhc8 19. a4 b5 20. axb5 axb5
21. Qe4 Nxb2 22. Qxe5 fxe5 23. Rb1 Rxc3 24. Rxb2 b4 25. Rfb1 Rc1+ 26. Bf1 e4
27. e3 Kf6 28. Kg2 Rxb1 29. Rxb1 Rc3 30. Bb5 Ke5 31. Kf1 Kd5 32. Ke2 b3 33. Kd1
Ba3 34. Kd2 Bb4 35. Kd1 Kc5 36. Be2 Ba3 37. Kd2 Rc2+ 38. Kd1 Kb4 39. f3 Kc3 40.
Ra1 Ra2 41. Rb1 b2 0-1

[Event "Chess House Summer IM 2019"]
[Site "Aarhus"]
[Date "2019.07.06"]
[Round "9.4"]
[White "Matthiesen, Martin"]
[Black "Easwaralingam, Adesh"]
[Result "1-0"]
[WhiteElo "2239"]
[BlackElo "2087"]
[PlyCount "117"]
[EventDate "2019.06.??"]
[EventType "tourn"]
[EventRounds "9"]
[EventCountry "DEN"]

1. Nf3 Nf6 2. c4 e6 3. Nc3 Bb4 4. g4 Bxc3 5. dxc3 d6 6. Qc2 b6 7. g5 Ng8 8. Rg1
Bb7 9. h4 Ne7 10. h5 Nd7 11. Bh3 g6 12. Nh2 Ng8 13. Be3 Qe7 14. O-O-O O-O-O 15.
Nf1 f5 16. gxf6 Ngxf6 17. hxg6 Rhg8 18. Nd2 hxg6 19. Rxg6 Qh7 20. Rxg8 Qxg8 21.
Nf3 Re8 22. Rg1 Qh8 23. Ng5 Nf8 24. Qd1 Ne4 25. Bg4 Kb8 26. Nxe4 Bxe4 27. Qa4
Re7 28. c5 Bb7 29. cxd6 cxd6 30. Rd1 d5 31. Qb4 Rd7 32. Bf4+ Kc8 33. e3 Qf6 34.
Rh1 Ng6 35. Bg3 Ne5 36. Rd1 Ba6 37. Qa4 Bc4 38. Bxe5 Qxe5 39. Qc6+ Kd8 40. Qxe6
Qxe6 41. Bxe6 Rd6 42. b3 Bxb3 43. axb3 Rxe6 44. Rxd5+ Ke7 45. Kd2 Rf6 46. f4
Ke6 47. Rh5 Rf7 48. Kd3 Rd7+ 49. Ke4 Kf6 50. Rh6+ Kg7 51. Rc6 Re7+ 52. Kf3 Rd7
53. f5 Kf7 54. Kf4 Rd1 55. e4 Rd7 56. e5 Rd1 57. Rc7+ Kf8 58. f6 Rf1+ 59. Kg5
1-0

[Event "Chess House Summer IM 2019"]
[Site "Aarhus"]
[Date "2019.07.06"]
[Round "9.5"]
[White "Berg, Klaus"]
[Black "Koellner, Ruben Gideon"]
[Result "1-0"]
[WhiteElo "2295"]
[BlackElo "2299"]
[PlyCount "90"]
[EventDate "2019.06.??"]
[EventType "tourn"]
[EventRounds "9"]
[EventCountry "DEN"]

1. e3 d6 2. d4 Nd7 3. c4 e5 4. Nc3 g6 5. Nf3 Bg7 6. Be2 Ne7 7. O-O O-O 8. Qc2
h6 9. Rd1 f5 10. dxe5 dxe5 11. b3 Nc6 12. Bb2 e4 13. Nd4 Nxd4 14. exd4 Re8 15.
c5 Nf6 16. d5 f4 17. d6 f3 18. dxc7 Qxc7 19. Nb5 Qf4 20. g3 Qg4 21. Bc4+ Kh7
22. Nd6 Re7 23. Re1 Bf5 24. Rad1 Rd8 25. Nxf5 Rxd1 26. Qxd1 Qxf5 27. Bxf6 Bxf6
28. Qd5 Qc8 29. h3 Qe8 30. Kh2 h5 31. h4 Bg7 32. a3 Be5 33. b4 a6 34. Bb3 Bc7
35. Bc2 Re5 36. Qxb7 Qe7 37. Rxe4 Re6 38. Qd5 Rxe4 39. Qxe4 Qf6 40. Bd1 Qb2 41.
Qxf3 Be5 42. Kg2 a5 43. Qe2 Qc3 44. Bc2 Bg7 45. Qxh5+ Kg8 1-0